The truce in the East and its aftermath; (Record no. 553256)
[ view plain ]
| 000 -LEADER | |
|---|---|
| fixed length control field | 00730cam a22001571 4500 |
| 082 ## - DEWEY DECIMAL CLASSIFICATION NUMBER | |
| Classification number | 909 |
| Author Mark | WEA |
| -- | D |
| 100 1# - MAIN ENTRY--PERSONAL NAME | |
| Personal name | Putnam Weale, B. L. |
| 9 (RLIN) | 49692 |
| 245 14 - TITLE STATEMENT | |
| Title | The truce in the East and its aftermath; |
| Remainder of title | being the sequel to 'The re-shaping of the Far East,' |
| Statement of responsibility, etc. | by B. L. Putnam Weale [pseud.] |
| 260 ## - PUBLICATION, DISTRIBUTION, ETC. | |
| Place of publication, distribution, etc. | New York, |
| Name of publisher, distributor, etc. | The Macmillan company; |
| Place of publication, distribution, etc. | London, |
| Name of publisher, distributor, etc. | Macmillan & co., ltd., |
| Date of publication, distribution, etc. | 1907. |
| 300 ## - PHYSICAL DESCRIPTION | |
| Extent | xv, 647 p. |
| Other physical details | front., 15 pl., 2 fold. maps, chart, fold. tab. |
| Dimensions | 23 cm. |
| 505 0# - FORMATTED CONTENTS NOTE | |
| Formatted contents note | pt. 1. Japan and the new position.--pt. 2. China and the Chinese.--pt. 3. The powers and their influence.--Appendices. |
| 526 ## - STUDY PROGRAM INFORMATION NOTE | |
| Program name | 0 |
| Interest level | 0 |
| Reading level | 0 |
| Title point value | 909_000000000000000_WEA |
| 650 #0 - SUBJECT ADDED ENTRY--TOPICAL TERM | |
| Topical term or geographic name entry element | Eastern question (Far East) |
| 9 (RLIN) | 49504 |
| 650 #0 - SUBJECT ADDED ENTRY--TOPICAL TERM | |
| Topical term or geographic name entry element | MCE |
| 9 (RLIN) | 379 |
| 942 ## - ADDED ENTRY ELEMENTS (KOHA) | |
| Source of classification or shelving scheme | |
| Koha item type | Book |
| Withdrawn status | Lost status | Source of classification or shelving scheme | Damaged status | Not for loan | Permanent Location | Current Location | Shelving location | Date acquired | Total Checkouts | Full call number | Barcode | Date last seen | Price effective from | Koha item type |
|---|---|---|---|---|---|---|---|---|---|---|---|---|---|---|
| Military College of Engineering (MCE) | Military College of Engineering (MCE) | 02/03/2015 | 909 WEA | MCE-ECT-10 | 02/03/2015 | 02/03/2015 | Book |
